Comprensión de textos escritos: la teoría de la comunicabilidad

Shranjeno v:
Bibliografske podrobnosti
Glavni avtor: Parodi Sweis, Giovanni Emmanuel (autor)
Format: Knjiga
Jezik:španščina
Izdano: Buenos Aires Eudeba 2014
Izdaja:1a. ed
Serija:Enciclopedia Semiológica
Teme:
Oznake: Označite
Brez oznak, prvi označite!

MARC

LEADER 00000cam a2200000 a 4500
001 UCE5785
003 CL-VaPUC
008 150305e20141000ag |||||||||||||||||spa|d
020 |a 9789502323770 
082 0 4 |a 401.41  |b PAR  |2 21 
100 |a Parodi Sweis, Giovanni Emmanuel  |e autor  |9 783477 
245 1 0 |a Comprensión de textos escritos: la teoría de la comunicabilidad 
250 |a 1a. ed 
300 |a 198 p 
942 |c BK 
945 |d 20150305 12:52:00  |a arojas 
260 |a Buenos Aires  |b Eudeba  |c 2014 
650 0 |a Textos escritos  |9 453620 
650 0 |a Comprensión de lectura  |9 307588 
650 0 |a Teoría de la comunicación   |9 260752 
650 0 |a Semiótica  |9 265317 
583 |a last modification  |c 20161102 01:28:00  |k Rodrigo Vera 
490 0 |a Enciclopedia Semiológica 
999 |c 358385  |d 358383 
952 |0 0  |1 0  |3 erb  |4 0  |6 401_410000000000000_PAR_2014  |7 0  |8 A  |9 467050  |a FDOPOS  |b FDOPOS  |i 5137799  |o 401.41 PAR 2014  |p 5137799  |r 2025-01-22  |w 2019-11-23  |y BK  |z Catalogado en:20150305  |k DLA 
952 |0 0  |1 0  |3 erb  |4 0  |6 401_410000000000000_PAR_2014  |7 0  |8 A  |9 467051  |a FDOPOS  |b FDOPOS  |i 5137802  |o 401.41 PAR 2014  |p 5137802  |r 2025-01-22  |w 2019-11-23  |y BK  |z Catalogado en:20150305  |k DLA 
952 |0 0  |1 0  |3 erb  |4 0  |6 401_410000000000000_PAR_2014  |7 0  |8 A  |9 467052  |a FDOPOS  |b FDOPOS  |i 5137810  |o 401.41 PAR 2014  |p 5137810  |r 2025-01-22  |w 2019-11-23  |y BK  |z Catalogado en:20150305  |k DLA 
952 |0 0  |1 0  |3 erb  |4 0  |6 401_410000000000000_PAR_2014  |7 0  |8 A  |9 467053  |a FDOPOS  |b FDOPOS  |i 5137829  |o 401.41 PAR 2014  |p 5137829  |r 2025-01-22  |w 2019-11-23  |y BK  |z Catalogado en:20150305  |k DLA 
952 |0 0  |1 0  |3 erb  |4 0  |6 401_410000000000000_PAR_2014  |7 0  |8 A  |9 467054  |a FDOPOS  |b FDOPOS  |i 5137837  |o 401.41 PAR 2014  |p 5137837  |r 2025-01-22  |w 2019-11-23  |y BK  |z Catalogado en:20150305  |k DLA 
952 |0 0  |1 0  |3 erb  |4 0  |6 401_410000000000000_PAR_2014  |7 0  |8 A  |9 467055  |a FDOPOS  |b FDOPOS  |i 5137845  |o 401.41 PAR 2014  |p 5137845  |r 2025-01-22  |w 2019-11-23  |y BK  |z Catalogado en:20150305  |k DLA 
952 |0 0  |1 0  |3 erb  |4 0  |6 401_410000000000000_PAR_2014  |7 0  |8 A  |9 467056  |a FDOPOS  |b FDOPOS  |i 5137853  |o 401.41 PAR 2014  |p 5137853  |r 2025-01-22  |w 2019-11-23  |y BK  |z Catalogado en:20150305  |k DLA 
952 |0 0  |1 0  |3 erb  |4 0  |6 401_410000000000000_PAR_2014  |7 0  |8 A  |9 467057  |a FDOPOS  |b FDOPOS  |i 5137861  |o 401.41 PAR 2014  |p 5137861  |r 2025-01-22  |w 2019-11-23  |y BK  |z Catalogado en:20150305  |k DLA 
952 |0 0  |1 0  |3 erb  |4 0  |6 401_410000000000000_PAR_2014  |7 0  |8 A  |9 467058  |a FDOPOS  |b FDOPOS  |i 513787K  |o 401.41 PAR 2014  |p 513787K  |r 2025-01-22  |w 2019-11-23  |y BK  |z Catalogado en:20150305  |k DLA 
952 |0 0  |1 0  |3 erb  |4 0  |6 401_410000000000000_PAR_2014  |7 0  |8 A  |9 467059  |a FDOPOS  |b FDOPOS  |i 5137888  |o 401.41 PAR 2014  |p 5137888  |r 2025-01-22  |w 2019-11-23  |y BK  |z Catalogado en:20150305  |k DLA 
952 |0 0  |1 0  |3 erb  |4 0  |6 401_410000000000000_PAR_2014  |7 0  |8 A  |9 467061  |a FDOPOS  |b FDOPOS  |i 5138345  |o 401.41 PAR 2014  |p 5138345  |r 2025-01-22  |w 2019-11-23  |y BK  |z Catalogado en:20150305  |k DLA 
952 |0 0  |1 0  |3 erb  |4 0  |6 401_410000000000000_PAR_2014  |7 0  |8 A  |9 467062  |a FDOPOS  |b FDOPOS  |i 5138353  |o 401.41 PAR 2014  |p 5138353  |r 2025-01-22  |w 2019-11-23  |y BK  |z Catalogado en:20150305  |k DLA 
952 |0 0  |1 0  |3 erb  |4 0  |6 401_410000000000000_PAR_2014  |7 0  |8 A  |9 467063  |a BIBEDU  |b BIBEDU  |i 5268435  |o 401.41 PAR 2014  |p 5268435  |r 2019-11-23  |w 2019-11-23  |y BK  |z Catalogado en:20160324  |k LIT 
952 |0 0  |1 0  |3 erb  |4 0  |6 401_410000000000000_PAR_2014  |7 0  |8 A  |9 467064  |a BIBEDU  |b BIBEDU  |i 5268443  |l 4  |m 1  |o 401.41 PAR 2014  |p 5268443  |r 2022-04-05  |s 2021-12-17  |w 2019-11-23  |y BK  |z Catalogado en:20160324  |k LIT 
952 |0 0  |1 0  |3 erb  |4 0  |6 401_410000000000000_PAR_2014  |7 0  |8 A  |9 467065  |a BIBEDU  |b BIBEDU  |i 5268451  |o 401.41 PAR 2014  |p 5268451  |r 2019-11-23  |w 2019-11-23  |y BK  |z Catalogado en:20160324  |k LIT